000
00317 a2200157 4500
001
177664
020
_a
85-305-0228-0
040
_c
Magnum
100
_a
Belinky,tatiana
240
1
0
_a
Diversidade
_l
por
245
1
0
_a
Diversidade
300
_a
36
362
0
_a
1999
697
_a
LITERATURA INFANTIL
942
_c
BK
999
_c
177664
_d
177664